Playing through : a guide to the unwritten rules of golf

Main Author: Post, Peter
Published: New York: Collins Living, 2008.
Subjects:
LEADER 00663cam a2200181 7i4500
001 0000028189
005 20120216090000.0
020 |a 9780061228056 (hbk.)  
090 0 0 |a GV979.S63   |b P45 2008 
100 1 |a Post, Peter  
245 1 0 |a Playing through :   |b a guide to the unwritten rules of golf   |c Peter Post. 
260 |a New York:   |b Collins Living,   |c 2008. 
300 |a xvii, 203 p.:   |b ill.;   |c 22 cm. 
650 0 0 |a Golf --   |x Social aspects  
650 0 0 |a Golfers --   |x Conduct of life  
999 |a 0000053212  |b BOK  |c OPEN SHELF  |e 1st Floor, Bestari Jaya 
999 |a 0000053213  |b BOK  |c OPEN SHELF  |e 1st Floor, Bestari Jaya 
999 |a 0000053217  |b BOK  |c OPEN SHELF  |e 1st Floor, Shah Alam